000 00293nam a22001337a 4500
041 _aENG
100 _aBalasubramanian.T
245 _aEnglish Phonetics For Indian Students
250 _a3 Edition
260 _aDelhi
_bTrinity
_c2019
300 _a242
650 _aEnglish
856 _uEnglish
999 _c15
_d15